<?xml version="1.0" encoding="UTF-8"?>
<record
    xmlns:xsi="http://www.w3.org/2001/XMLSchema-instance"
    xsi:schemaLocation="http://www.loc.gov/MARC21/slim http://www.loc.gov/standards/marcxml/schema/MARC21slim.xsd"
    xmlns="http://www.loc.gov/MARC21/slim">

  <leader>01490cam a2200277 a 4500</leader>
  <controlfield tag="003">OSt</controlfield>
  <controlfield tag="005">20211207151321.0</controlfield>
  <controlfield tag="008">130821s1989    ck     gr           spa  </controlfield>
  <datafield tag="020" ind1=" " ind2=" ">
    <subfield code="a">958601181X</subfield>
  </datafield>
  <datafield tag="040" ind1=" " ind2=" ">
    <subfield code="a">Co-BoUCM</subfield>
    <subfield code="b">spa</subfield>
    <subfield code="c">CO-JMCR</subfield>
  </datafield>
  <datafield tag="041" ind1="0" ind2=" ">
    <subfield code="a">spa</subfield>
  </datafield>
  <datafield tag="082" ind1="0" ind2="4">
    <subfield code="a">336.3435 /</subfield>
    <subfield code="b">O151c</subfield>
    <subfield code="2">23</subfield>
  </datafield>
  <datafield tag="100" ind1="1" ind2=" ">
    <subfield code="a">Ocampo, Jos&#xE9; Antonio</subfield>
    <subfield code="e">autor</subfield>
    <subfield code="9">48091</subfield>
  </datafield>
  <datafield tag="245" ind1="1" ind2="0">
    <subfield code="a">Colombia y la deuda externa / </subfield>
    <subfield code="c">Jos&#xE9; Antonio Ocampo, Eduardo Lora Torres.</subfield>
  </datafield>
  <datafield tag="250" ind1=" " ind2=" ">
    <subfield code="a">Segunda edici&#xF3;n</subfield>
  </datafield>
  <datafield tag="260" ind1=" " ind2=" ">
    <subfield code="a">Bogot&#xE1; (Colombia) : </subfield>
    <subfield code="b">Tercer Mundo, </subfield>
    <subfield code="c">1989.</subfield>
  </datafield>
  <datafield tag="300" ind1=" " ind2=" ">
    <subfield code="a">174 p&#xE1;ginas ; </subfield>
    <subfield code="c">21 cm.</subfield>
  </datafield>
  <datafield tag="490" ind1="0" ind2=" ">
    <subfield code="a">Econom&#xED;a</subfield>
  </datafield>
  <datafield tag="505" ind1="0" ind2=" ">
    <subfield code="t">Cuatro d&#xE9;cadas de endeudamiento externo colombiano. / </subfield>
    <subfield code="r">Jos&#xE9; Antonio Ocampo. -- </subfield>
    <subfield code="t">Colombia durante la crisis de la deuda externa. / </subfield>
    <subfield code="r">Eduardo Lora. -- </subfield>
    <subfield code="t">La deuda externa y el crecimiento econ&#xF3;mico en Colombia a fines de la d&#xE9;cada. / </subfield>
    <subfield code="r">Jos&#xE9; Antonio Ocampo y Eduardo Lora.</subfield>
  </datafield>
  <datafield tag="520" ind1="0" ind2=" ">
    <subfield code="a">Los problemas relacionados con la deuda externa se de baten en Colombia como si se tratara de asuntos coyunturales internos, al margen del escenario internacional y a espaldas de la experiencia hist&#xF3;rica. El prop&#xF3;sito de este libro, en coedici&#xF3;n con Fedesarrollo, radica justamente en ampliar el horizonte de la discusi&#xF3;n nacional sobre el problema del endeudamiento y las posibles estrategias de soluci&#xF3;n.</subfield>
  </datafield>
  <datafield tag="650" ind1="1" ind2="4">
    <subfield code="a">Deuda externa</subfield>
    <subfield code="9">7514</subfield>
  </datafield>
  <datafield tag="650" ind1="2" ind2="4">
    <subfield code="a">Finanzas internacionales</subfield>
    <subfield code="9">15897</subfield>
  </datafield>
  <datafield tag="650" ind1="2" ind2="4">
    <subfield code="a">Finanzas</subfield>
    <subfield code="9">7628</subfield>
  </datafield>
  <datafield tag="700" ind1="1" ind2=" ">
    <subfield code="a">Lora Torres, Eduardo</subfield>
    <subfield code="e">autor</subfield>
    <subfield code="9">37868</subfield>
  </datafield>
  <datafield tag="942" ind1=" " ind2=" ">
    <subfield code="c">BK</subfield>
    <subfield code="2">ddc</subfield>
  </datafield>
  <datafield tag="999" ind1=" " ind2=" ">
    <subfield code="c">12813</subfield>
    <subfield code="d">12813</subfield>
  </datafield>
  <datafield tag="952" ind1=" " ind2=" ">
    <subfield code="0">0</subfield>
    <subfield code="1">0</subfield>
    <subfield code="2">ddc</subfield>
    <subfield code="4">0</subfield>
    <subfield code="7">0</subfield>
    <subfield code="a">CPL</subfield>
    <subfield code="b">CPL</subfield>
    <subfield code="c">GEN</subfield>
    <subfield code="d">2018-04-15</subfield>
    <subfield code="e">Donaci&#xF3;n</subfield>
    <subfield code="o">336.3435 / O151c</subfield>
    <subfield code="p">430000193</subfield>
    <subfield code="r">2025-01-13 00:00:00</subfield>
    <subfield code="t">Ej.1</subfield>
    <subfield code="w">2021-03-10</subfield>
    <subfield code="y">BK</subfield>
  </datafield>
</record>
